Historie českého puškařství a zdroje mysliveckých tradic

Titel: Historie českého puškařství a zdroje mysliveckých tradic : historie vývoje zbraní a lovu, myslivecké tradice, zvyky, obyčeje, legendy, významné osobnosti / Jiří Hanák
Verfasser:
Ausgabe: 1. vyd.
Veröffentlicht: Velké Bílovice : TTeMi CZ, 2011
Umfang: 160 S. : Ill.
Format: Buch
Sprache: Tschechisch
Schlagworte:
ISBN: 9788087156643
Buchumschlag
X
Lokale Klassifikation: 23 14 B ; 23 13 B
alg: 28808315
001A    $03004:25-01-12 
001B    $06055:06-03-26 $t18:59:15.000 
001C    $03004:22-10-12 $t18:24:38.000 
001D    $03004:22-10-12 
001U    $0utf8 
001X    $00 
002@    $0Aau 
003@    $0288083156 
004A    $A978-80-87156-64-3 
007A    $0288083156 $aHEB 
007T    $0Herdhh288083156 
010@    $acze 
011@    $a2011 
013H    $0z 
021A    $aHistorie českého puškařství a zdroje mysliveckých tradic $dhistorie vývoje zbraní a lovu, myslivecké tradice, zvyky, obyčeje, legendy, významné osobnosti $hJiří Hanák 
028A    $#Hanák, Jiří $7173010369 $8Hanák, Jiri$Z1938-2020 [Tp1] $9297192264 
032@    $a1. vyd. 
033A    $pVelké Bílovice $nTTeMi CZ 
034D    $a160 S. 
034M    $aIll. 
044K    $RTierfang $RJagdkunde $RJäger $#Hunting $#Chasse $#Caccia $#Caza $#hunting $#Jagd $#Jagd $#Jagen $#Waidwerk $#Weidwerk $D20251120 $Ecgmnf $74027955-8 $8Jagd [Ts1] $9085071552 
044K    $RTschechien $#Böhmische Kronländer $#Länder der Böhmischen Krone $#Sudetenland $#Böhmen $#Mähren $#Mährisch-Schlesien $#Österreichisch-Schlesien $#Tschechische Sozialistische Republik Böhmische Länder $#Tschechei Böhmische Länder $#Země koruny české $D20251120 $Ecgmnf $74069573-6 $8Böhmische Länder [Tg1] $9085195553 
045F    $a355.0094371 $eDDC23BSB 
045F/01 $a355.009 
045F/03 $g4371 
045G    $a630.94371 $eDDC23BSB 
045G/01 $a630.9 
045G/03 $g4371 

lok: 28808315 24
101B    $022-10-12 $t18:27:33.000 
101C    $022-10-12 
101U    $0utf8 
145Z/01 $a23 14 B 
145Z/02 $a23 13 B 

exp: 28808315 24 1 #EPN
201B/01 $022-10-12 $t18:27:33.000 
201C/01 $025-01-12 
201U/01 $0utf8 
203@/01 $0637074742 
208@/01 $a22-10-12 $bz 
209A/01 $a12.00878 $du $f050 $h12 00878 $x00 
209C/01 $a12.00878 K $h12 00878 K 
209G/01 $a73027870 $x00 
220C/01 $akon 
247C/01 $8358050-7 Marburg, Bibliothek des Herder-Instituts Marburg $9102600961 

lok: 28808315 78

exp: 28808315 78 1 #EPN
201B/01 $026-11-17 $t00:33:08.000 
201U/01 $0utf8 
203@/01 $0793887348 
208@/01 $a12-11-16 $be 
209A/01 $a/ $f000 $x00 
244Z/01 $#Tschechien $#Tschechische Republik $#Tschechien $#Tschechische Republik $#Tschechenland $#Tschechei Tschechien $#Česká Republika $#Czech Republic $#ČR $74303381-7 $8--Tg1--Tschechien $x01 $9086659812 
244Z/01 $2Trx $#Böhmen $#Bohemia $#Czechy $8--Trx--Čechy $x02 $9391188941 
244Z/01 $2Trx $8--Trx--Monographie $x03 $9391384546 
247C/01 $82080>Marburg/Lahn, Herder-Institut, Forschungsbibliothek, Bibliographieportal $9336309341
LEADER 00000cam a2200000 c 4500
001 288083156
003 DE-603
005 20260306185915.0
007 tu
008 120125s2011 xx |||| | u00||u|cze c
020 |a 9788087156643 
035 |a (DE-599)HEB288083156 
040 |a DE-603  |b ger  |c DE-603  |d DE-603 
041 |a cze 
082 0 4 |8 1\u  |a 355.0094371  |q DE-101  |2 23/BSB 
083 0 |8 2\u  |a 630.94371  |q DE-101  |2 23/BSB 
085 |8 1\u  |b 355.009 
085 |8 1\u  |z 2  |s 4371 
085 |8 2\u  |b 630.9 
085 |8 2\u  |z 2  |s 4371 
100 1 |a Hanák, Jiri  |d 1938-2020  |0 (DE-603)297192264  |0 (DE-588)173010369  |2 gnd 
245 0 0 |a Historie českého puškařství a zdroje mysliveckých tradic  |b historie vývoje zbraní a lovu, myslivecké tradice, zvyky, obyčeje, legendy, významné osobnosti  |c Jiří Hanák 
250 |a 1. vyd. 
264 1 |a Velké Bílovice  |b TTeMi CZ  |c 2011 
300 |a 160 S.  |b Ill. 
650 7 |a Jagd  |0 (DE-588)4027955-8  |0 (DE-603)085071552  |2 gnd 
651 7 |a Böhmische Länder  |0 (DE-588)4069573-6  |0 (DE-603)085195553  |2 gnd 
924 0 |9 Mb 50  |a (DE-603)637074742  |b DE-Mb50  |c HES  |d c  |g 12.00878 
924 0 |9 2080  |a (DE-603)793887348  |b DE-2080  |c HES  |d d  |g /